| 000 | 00771 a2200169 4500 | ||
|---|---|---|---|
| 003 | Nust | ||
| 005 | 20230125153723.0 | ||
| 040 | _cNust | ||
| 082 | _a808.83,SCO | ||
| 100 |
_aWalpole, Hugh _9107665 |
||
| 245 |
_aThe waverley Pangeant / _cHugh Walpole, |
||
| 260 |
_aLondon _bEyre & Spottiswoode _c1932 |
||
| 300 | _axxxix 661 p | ||
| 505 | _aSir Walter Scott (Page-ix), The Merrie Business of Writing Immortal Novel (Page-19), The Human Comedy (Page-71), Heroes and Villains (Page-178), High Jinks (Page-248), Stories of King and Queens (Page-297), Prophets ,Priest ,and Priestesses (Page-409), Lovers (Page-465), Out in the Forty-five (Page-501), Drama (Page-537), Original (Page-573), The Old Order Changeth (Page-635). | ||
| 650 |
_aNovel _92525 |
||
| 942 |
_2ddc _cBK |
||
| 999 |
_c191003 _d191003 |
||